Statistiques concernant Grille de mots mini #8

Cliquez ici pour prendre le quiz!

Statistiques générales

  • Ce quiz a été pris 65 fois
  • Le résultat moyen est 23 sur 25

Statistiques - réponses

Place de la lettreRéponses% Correct
1 EA
100%
2 ET
98%
2 DA
95%
1 DR
93%
1 CA
92%
1 AE
92%
3 EE
92%
5 EE
92%
1 BG
92%
5 DN
92%
4 DO
92%
3 DT
92%
2 BA
90%
4 BE
90%
4 EL
90%
5 BR
90%
2 AR
90%
2 CT
90%
3 BT
90%
3 AE
88%
3 CE
88%
5 CI
88%
4 CM
88%
4 AB
86%
5 AE
86%

Distribution des résultats

Percentile par nombre de réponses

% des personnes avec chaque résultat

Votre développement - résultats

Vous n’avez pas pris ce quiz